Statistiques concernant Word Scramble- Joueur de foot

Cliquez ici pour prendre le quiz!

Statistiques générales

  • Ce quiz a été pris 99 fois
  • Le résultat moyen est 7 sur 15

Statistiques - réponses

HintRéponse% Correct
émpbapMbappé
100%
inuvicsi rjVinicius jr
96%
amynreNeymar
81%
simseMessi
69%
hincatoris ondroalChristiano Ronaldo
57%
ashalSalah
52%
mikhiaHakimi
45%
odgroryRodrygo
42%
ringaznemGriezmann
41%
grdiuoGiroud
27%
dvsaeiDavies
18%
mdcoirModric
16%
evlzaarAlvarez
15%
rievtartVerratti
15%
nisslao bcreekAlisson Becker
10%

Distribution des résultats

Percentile par nombre de réponses

% des personnes avec chaque résultat

Votre développement - résultats

Vous n’avez pas pris ce quiz